000 00661nam a2200229Ia 4500
003 IN-BaIIA
008 211028s9999 xx 000 0 eng d
020 _a978-1-4614-8847-7
040 _cIIA Library
080 _a523.2
_bMIL
100 _aMilone, Eugene F
_923275
245 0 _aSolar system astrophysics
_cEugene F. Milone and William J. F. Wilson
250 _a2nd ed.
260 _aNew York
_bSpringer
_c2014
300 _axvii, 335p.
490 _aAstronomy and Astrophysics Library
650 _aAstrophysics
_9794
650 _acience / Astronomy
_936218
650 _aolar system
_936219
700 _aWilson, William J. F
_931995
942 _cBK
999 _c18973
_d18973